000 00598nam a2200181Ia 4500
003 GCL
008 140319s9999 xx 000 0 ara d
040 _aGCL /
_cGCL
082 0 4 _a925.42
_bت م
100 1 _aتوينبى، ارنولد
245 1 0 _aمع ارنولد توينبى (هدية من الاديب عبدالفتاح الجمل) /
_cتوينبى، ارنولد
700 1 _aمحمد عبدالله الشفقى
300 _a59 ص
490 _aمذاهب وشخصيات
_v0
650 0 4 _aالمؤرخون - تراجم
650 0 4 _aتوينبى , ارنولد
942 _2ddc
_cBK
999 _c47334
_d47334